Far-field optical nanoscopy / (Record no. 21705)

MARC details
000 -LEADER
fixed length control field 01072cam a2200313 i 4500
001 - CONTROL NUMBER
control field 18425553
003 - CONTROL NUMBER IDENTIFIER
control field EG-ScBUE
005 - DATE AND TIME OF LATEST TRANSACTION
control field 20240902092135.0
008 - FIXED-LENGTH DATA ELEMENTS--GENERAL INFORMATION
fixed length control field 150105t2015 gw a f b 001 0 eng d
020 ## - INTERNATIONAL STANDARD BOOK NUMBER
International Standard Book Number 9783662455463 (alk. paper)
040 ## - CATALOGING SOURCE
Original cataloging agency DLC
Language of cataloging eng
Description conventions rda
Transcribing agency DLC
Modifying agency EG-ScBUE
082 04 - DEWEY DECIMAL CLASSIFICATION NUMBER
Edition number 22
Classification number 502.82
Item number FAR
245 00 - TITLE STATEMENT
Title Far-field optical nanoscopy /
Statement of responsibility, etc [edited by] Philip Tinnefeld, Christian Eggeling, Stefan W. Hell.
264 #1 - PUBLICATION, DISTRIBUTION, ETC. (IMPRINT)
Place of publication, distribution, etc Heidelberg :
Name of publisher, distributor, etc Springer-Verlag Berline Heidelberg,
Date of publication, distribution, etc [2015]
264 #4 - PUBLICATION, DISTRIBUTION, ETC. (IMPRINT)
Date of publication, distribution, etc c2015
300 ## - PHYSICAL DESCRIPTION
Extent xii, 335 pages :
Other physical details illustrations ;
Dimensions 24 cm.
336 ## - CONTENT TYPE
Source rdacontent
Content type term text
Content type code txt
337 ## - MEDIA TYPE
Media type term unmediated
Source rdamedia
Media type code n
338 ## - CARRIER TYPE
Carrier type term volume
Carrier type code nc
Source rdacarrier
490 0# - SERIES STATEMENT
Series statement Springer series on fluorescence ;
Volume number/sequential designation 14
504 ## - BIBLIOGRAPHY, ETC. NOTE
Bibliography, etc Includes bibliographical references and index.
650 #7 - SUBJECT ADDED ENTRY--TOPICAL TERM
Topical term or geographic name as entry element Fluorescence microscopy.
Source of heading or term BUEsh
9 (RLIN) 39565
653 ## - INDEX TERM--UNCONTROLLED
Resource For college Engineering, General
Arrived date list May2016
655 ## - INDEX TERM--GENRE/FORM
Form subdivision Reading book
700 1# - ADDED ENTRY--PERSONAL NAME
Personal name Tinnefeld, Philip,
Relator term editor.
700 1# - ADDED ENTRY--PERSONAL NAME
Personal name Eggeling, Christian,
Relator term editor.
700 1# - ADDED ENTRY--PERSONAL NAME
Personal name Hell, Stefan W.,
Relator term editor.
942 ## - ADDED ENTRY ELEMENTS (KOHA)
Source of classification or shelving scheme Dewey Decimal Classification
Koha item type Book - Borrowing
Holdings
Withdrawn status Lost status Source of classification or shelving scheme Damaged status Not for loan Collection code Home library Current library Shelving location Date acquired Source of acquisition Cost, normal purchase price Total Checkouts Full call number Barcode Date last seen Koha item type
    Dewey Decimal Classification     Baccah Central Library Central Library First floor 04/05/2016 Purchase 990.00   502.82 FAR 000032441 15/07/2025 Book - Borrowing